| 000 | 01507nam0a2200361 4500 | ||
|---|---|---|---|
| 001 | RU\NLR\BIBL_A\012003655 | ||
| 005 | 20190527144646.0 | ||
| 010 |
_a978-5-6041599-6-5 _9200 |
||
| 021 |
_aRU _bКН-П-19-025390 _9КН-П-19-1923 |
||
| 035 | _a(NLR Aleph) 012003655 | ||
| 035 | _a(RuMoRGB)009946394 | ||
| 090 |
_a11416978 _c11416978 |
||
| 100 | _a20190430d2018 u y0rusy50 ca | ||
| 101 | 0 |
_arus _afre |
|
| 102 | _aRU | ||
| 105 | _aa zzzz0|||yz | ||
| 200 | 1 |
_aПосле дождя... _dAprès la pluie... _eфранцузские скороговорки _fЮлия Соцкова _gхудожник-иллюстратор Кристина Ерёмина _zfre |
|
| 210 |
_aМосква _cЧеловек слова _d2018 |
||
| 215 |
_a[68] с. _cцв. ил. _d16 |
||
| 300 | _aАвт. также на фр. яз.: Yulia Sotskova | ||
| 300 | _aТекст парал. рус., фр. | ||
| 510 | 1 |
_6z33790 _aAprès la pluie... _zfre |
|
| 606 | 1 |
_aФранцузский язык _xФонетика _jУчебные издания для средней школы _2nlr_sh2 _3RU\NLR\AUTH\661143700 |
|
| 610 | 0 | _aфранцузские скороговорки | |
| 686 | 1 | _aШ147.11-93рус2-1 | |
| 700 | 1 |
_aСоцкова _bЮ. Ю. _f1988- _gЮлия Юрьевна |
|
| 702 | 1 |
_aЕрёмина _bК. _gКристина _4040 |
|
| 790 | 1 |
_6z33510 _aSotskova _bJu.Ju. _f1968- _gJulija Jur'evna |
|
| 942 | _cBOOK | ||
| 980 | _aNBR | ||
| 980 | _aNB | ||